Jet2 Destinations 2025/2026 - Statistics

General Stats
  • This quiz has been taken 52 times
  • The average score is 42 of 78
Answer Stats
Country Destination % Correct
Vienna
92%
Paris
82%
Denmark Copenhagen
79%
Croatia Dubrovnik
79%
Split
79%
Czech Republic Prague
76%
Salzburg
76%
Greece Athens
74%
Germany Berlin
74%
Cyprus Larnaca
74%
Rome
74%
Barcelona
71%
Hungary Budapest
68%
Austria Innsbruck
68%
Lyon
68%
Iceland Reykjavik
68%
Rhodes
68%
Estonia Tallinn
68%
Corfu
66%
Portugal Faro
66%
Switzerland Geneva
66%
Malta Malta
66%
Italy Naples
66%
Nice
66%
Paphos
66%
Ibiza
63%
Channel Islands Jersey
63%
Marrakech
63%
Santorini
63%
Venice
63%
Spain Alicante
61%
Krakow
61%
Malaga
61%
Porto
61%
Tenerife
61%
Gran Canaria
58%
Kos
58%
Menorca
58%
Pisa
58%
Turin
58%
Norway Bergen
55%
Crete (Heraklion)
55%
Poland Gdansk
55%
Izmir
55%
Lanzarote
53%
Pula
53%
Sicily (Catania)
53%
Turkey Antalya
50%
Cologne
50%
Egypt Hurghada
50%
Kefalonia
50%
Montenegro Tivat
50%
Morocco Agadir
47%
Grenoble
47%
Majorca
47%
Verona
47%
Dalaman
45%
Fuerteventura
45%
Girona
45%
Bodrum
42%
Crete (Chania)
42%
Kalamata
42%
Reus
42%
Almeria
39%
Skiathos
39%
Madeira
37%
Preveza
34%
Chambery
32%
Jerez
32%
La Palma
29%
Bulgaria Bourgas
24%
Zante
24%
France Bergerac
13%
Sardinia
8%
Thessaloniki (Halkidiki)
8%
Lesvos
5%
Shark El Sheikh
5%
Sicily (Palmero)
0%
No matching quizzes found
Score Distribution
Percent of People with Each Score
Percentile by Number Answered
Your Score History
You have not taken this quiz